01659nam a2200361 a 4500001001200000003000800012006001900020007001500039008004100054010001700095020001500112020001800127020002700145040002100172035002100193050002600214245009700240260004300337300002400380490005400404500018500458504005100643533015200694650004800846655002900894700001900923710001700942711006900959711006901028830005501097856012601152999001901278ebr10516781CaPaEBRm u cr cn|||||||||720626s1972 maua sb 101 0 eng d z 72005605  z0262120593 z9780262120593 z9781600862847 (e-book) aCaPaEBRcCaPaEBR a(OCoLC)29761700014aTL507b.P75 vol. 29eb00aFundamentals of spacecraft thermal designh[electronic resource] /cedited by John W. Lucas. aCambridge, Mass. :bMIT Press,c[1972] axvi, 599 p. :bill.1 aProgress in astronautics and aeronautics ;vv. 29 a"Technical papers selected from the AIAA 9th Aerospace Sciences Meeting, January 1971, and the AIAA 6th Thermophysics Conference, April 1971, subsequently revised for this volume." aIncludes bibliographical references and index. aElectronic reproduction.bPalo Alto, Calif. :cebrary,d2013.nAvailable via World Wide Web.nAccess may be limited to ebrary affiliated libraries. 0aSpace vehiclesxThermodynamicsvCongresses. 7aElectronic books.2local1 aLucas, John W.2 aebrary, Inc.2 aAIAA Aerospace Sciences Meetingn(9th :d1971 :cNew York, N.Y.)2 aAIAA Thermophysics Conferencen(6th :d1971 :cTullahoma, Tenn.) 0aProgress in astronautics and aeronautics ;vv. 29.40uhttp://site.ebrary.com/lib/rucke/Doc?id=10516781zAn electronic book accessible through the World Wide Web; click to view c121313d121313